000
00474nam a2200181Ia 4500
008
090124s9999 xx 000 0 und d
082
_b
33165
100
_a
धारप नारायण
245
_a
शपथ
250
_a
1
260
_b
दिलीप प्रकाशन
_c
1996
300
_a
240
600
_a
धारप नारायण
630
_a
शपथ
700
_a
धारप नारायण
730
_a
शपथ
942
_c
BOOK
999
_c
99081
_d
99081